| 000 | 01278nam a22003137a 4500 | ||
|---|---|---|---|
| 005 | 20180305155007.0 | ||
| 010 | _aBAC-EN21 ENG-111456 | ||
| 020 |
_a9780198063551 _c450.00 |
||
| 020 |
_a0198063555 _c450.00 |
||
| 035 | _aEN-94988 | ||
| 035 | _aB-587623-646 | ||
| 035 | _aB-664967 | ||
| 037 |
_bUppal/Ven _adpl |
||
| 037 | _bDBAD/PUB | ||
| 082 | _a342.54 | ||
| 100 | _aBhargava, Rajeev | ||
| 245 |
_aPolitics and ethics of the Indian constitution / _cedited by Rajeev Bhargava |
||
| 260 |
_aNew Delhi _bOxford University Press _c2014 |
||
| 270 |
_aYMCA Library Building , Jai Shingh Road, _bNew Delhi _e110001 |
||
| 300 |
_avi, 409p. _c23cm(pbk) |
||
| 500 | _aIncludes bibliographical references and index. | ||
| 520 | _aContributed articles presented at a conference on the political philosophy of the Indian constitution held in Goa in Sept. 2001. | ||
| 650 |
_aConstitutional law _zIndia |
||
| 650 |
_aConstitutional law _xMoral and ethical aspects |
||
| 700 | _aBhargava, Rajeev | ||
| 942 |
_2ddc _cEN _mPOL _h342.54 |
||
| 999 |
_c89379 _d89379 |
||